00438nam a2200157Ia 4500008004100000020001800041082001700059100001800076245007200094250000700166260003500173300002300208500001900231600001500250650001500265240925s9999 xx 000 0 und d a9788130932477 a658.4092 CUE aCuervo, Jorge 0aLeaders Don't Command: inspire growth, ingenuity, and collaboration aNA aNew Delhi:bViva Booksc,2017. a147p.b0fOriginal aIncludes Index aManagement aManagement